000 00647 a2200169 4500
999 _c8294
_d8294
020 _a9780521431460 (hardback)
050 0 0 _aPE1106 HUD 2002
100 1 _aHuddleston, Rodney D.
245 1 4 _aThe Cambridge grammar of the English language /
_cRodney Huddleston, Geoffrey K. Pullum in collaboration with Laurie Bauer ... [et al.].
264 _aCambridge:
_bCambridge University Press,
_c2002
300 _axvii, 1842 p. ;
_bill. ;
500 _aIncludes index
504 _aIncludes bibliographical references (p. 1765-1778) and indexes.
650 0 _aEnglish language
_xGrammar.
700 1 _aPullum, Geoffrey K.
942 _2lcc
_cBK
_h1106
_iHUD
_kPE